00773nam a2200217 4500003001100000005001700011008004100028020001500069040003900084041000800123082001600131100001800147245008400165260004300249300004800292650004600340650005600386942000700442952009100449999001500540LK-CoMWRAF20240106124957.0240106b2004 |||||||| |||| 00| 0 eng d a0620336285 aLK-CoMWRAFdLK-CoMWRAFeLK-CoMWRAF aeng a297.56bESA a Esack, Farid aHIV, AIDS & Islam :b reflections based on compassion, responsibility & justice a [Cape Town]:bPositive Muslims,c2004 a60 p. : ill. ; 21 cmbBibliography included a AIDS (Disease)- Religious aspects- Islam aHIV infections -Treatment -Religious aspects- Islam cBK 00104070aMAINbMAINd2024-01-06l0o297.56 ESApRAF4681r2024-01-06w2024-01-06yBK c4594d4594